Statistics for Star Wars Characters

Click here to take the quiz!

General Stats

  • This quiz has been taken 18 times
  • The average score is 7 of 10

Answer Stats

CharacterAnswer% Correct
Son of Jango FettBoba Fett
100%
'I Am Your Father'Darth Vader
94%
Luke's SisterLeia
89%
Son of Han SoloKylo Ren
78%
Has a Double-Bladed LightsaberDarth Maul
67%
Luke's UncleOwen
61%
Amphibian lives on NabooJar Jar Binks
56%
Luke's MotherPadmé Amidala
56%
Clone brainwashed by Order 66Commander Cody
33%
'Its A Trap!'Admiral Akbar
28%

Score Distribution

Percentile by Number Answered

Percent of People with Each Score

Your Score History

You have not taken this quiz